| 000 | 00849nam a2200253Ia 4500 | ||
|---|---|---|---|
| 003 | OSt | ||
| 005 | 20221005093404.0 | ||
| 006 | a|||||r|||| 00| 0 | ||
| 007 | ta | ||
| 008 | 221004b |||||||| |||| 00| 0 eng d | ||
| 020 |
_a0393704874 (pbk) _c1103 |
||
| 024 | _a86477 | ||
| 037 |
_bG-1525/07-08, 24/10/2007, Manohar Publisher & Distributors _cTextual |
||
| 040 |
_aCRL _cCRL _beng |
||
| 041 |
_2eng _aeng |
||
| 082 | _aS:4-86, P5 | ||
| 100 |
_aMcMullin Rian E. _916420 |
||
| 245 | 0 |
_aTaking out your mental trash _b A consumer's guide to cognitive restructuring therapy |
|
| 260 |
_aNew York _bW.W.Norton & company USA _c2005 |
||
| 300 |
_axi,320p. _ccm. |
||
| 650 | _aPSYCHOLOGY | ||
| 942 |
_hS:4-86, P5 _cTEXL _2cc |
||
| 999 |
_c1000304 _d1000304 |
||